Rule-Based Reasoning, Programming, and Applications 5th International Symposium, RuleML 2011 – Europe, Barcelona, Spain, July 19-21, 2011. Proceedings /

This book constitutes the refereed proceedings of the 5th International Symposium on Rules, RuleML 2011 - Europe, held in Barcelona, Spain, in July 2011 - collocated with the 22nd International Joint Conference on Artificial Intelligence, IJCAI 2011. It is the first of two RuleML events that take pl...

Full description

Bibliographic Details
Corporate Author: SpringerLink (Online service)
Other Authors: Bassiliades, Nick (Editor), Governatori, Guido (Editor), Paschke, Adrian (Editor)
Format: Electronic eBook
Language:English
Published: Berlin, Heidelberg : Springer Berlin Heidelberg : Imprint: Springer, 2011.
Series:Lecture Notes in Computer Science, 6826
Subjects:
Online Access:Full Text via HEAL-Link
LEADER 03087nam a22005655i 4500
001 978-3-642-22546-8
003 DE-He213
005 20161228131700.0
007 cr nn 008mamaa
008 110714s2011 gw | s |||| 0|eng d
020 |a 9783642225468  |9 978-3-642-22546-8 
024 7 |a 10.1007/978-3-642-22546-8  |2 doi 
040 |d GrThAP 
050 4 |a QA76.758 
072 7 |a UMZ  |2 bicssc 
072 7 |a COM051230  |2 bisacsh 
082 0 4 |a 005.1  |2 23 
245 1 0 |a Rule-Based Reasoning, Programming, and Applications  |h [electronic resource] :  |b 5th International Symposium, RuleML 2011 – Europe, Barcelona, Spain, July 19-21, 2011. Proceedings /  |c edited by Nick Bassiliades, Guido Governatori, Adrian Paschke. 
264 1 |a Berlin, Heidelberg :  |b Springer Berlin Heidelberg :  |b Imprint: Springer,  |c 2011. 
300 |a XIII, 385 p.  |b online resource. 
336 |a text  |b txt  |2 rdacontent 
337 |a computer  |b c  |2 rdamedia 
338 |a online resource  |b cr  |2 rdacarrier 
347 |a text file  |b PDF  |2 rda 
490 1 |a Lecture Notes in Computer Science,  |x 0302-9743 ;  |v 6826 
520 |a This book constitutes the refereed proceedings of the 5th International Symposium on Rules, RuleML 2011 - Europe, held in Barcelona, Spain, in July 2011 - collocated with the 22nd International Joint Conference on Artificial Intelligence, IJCAI 2011. It is the first of two RuleML events that take place in 2011. The second RuleML Symposium - RuleML 2011 - America - will be held in Fort Lauderdale, FL, USA, in November 2011. The 18 revised full papers, 8 revised short papers and 3 invited track papers presented together with the abstracts of 2 keynote talks were carefully reviewed and selected from 58 submissions. The papers are organized in the following topical sections: rule-based distributed/multi-agent systems; rules, agents and norms; rule-based event processing and reaction rules; fuzzy rules and uncertainty; rules and the semantic Web; rule learning and extraction; rules and reasoning; and rule-based applications. 
650 0 |a Computer science. 
650 0 |a Computer communication systems. 
650 0 |a Computer programming. 
650 0 |a Software engineering. 
650 0 |a Algorithms. 
650 0 |a Artificial intelligence. 
650 1 4 |a Computer Science. 
650 2 4 |a Software Engineering. 
650 2 4 |a Artificial Intelligence (incl. Robotics). 
650 2 4 |a Computer Communication Networks. 
650 2 4 |a Information Systems Applications (incl. Internet). 
650 2 4 |a Programming Techniques. 
650 2 4 |a Algorithm Analysis and Problem Complexity. 
700 1 |a Bassiliades, Nick.  |e editor. 
700 1 |a Governatori, Guido.  |e editor. 
700 1 |a Paschke, Adrian.  |e editor. 
710 2 |a SpringerLink (Online service) 
773 0 |t Springer eBooks 
776 0 8 |i Printed edition:  |z 9783642225451 
830 0 |a Lecture Notes in Computer Science,  |x 0302-9743 ;  |v 6826 
856 4 0 |u http://dx.doi.org/10.1007/978-3-642-22546-8  |z Full Text via HEAL-Link 
912 |a ZDB-2-SCS 
912 |a ZDB-2-LNC 
950 |a Computer Science (Springer-11645)